00504 2200169 4500001002100000008004100021035002000062245010400082100002000186250000600206260006200212300001200274084001400286082000800300650001400308990001200322INLIS000000000000601 ind  a0010-0424000577 aBiologi Untuk SMA; Ringkasan Materi & Latihan Soal Olimpiade Biologi InternasionalcAgus D. Permana aPermana, Agus D a1 aBandung :bTOBI ( Tim Olimpiade Biologi Indonesia )c2008 a264 hlm a574 AGU b a574 aNon Fiksi a0722403